Statistics for Monster Hunter Gaming Franchise

Click here to take the quiz!

General Stats

  • This quiz has been taken 4 times
  • The average score is 6 of 7

Answer Stats

HintGame% Correct
A third-person action game set in a kind of pre-historic fantasy world. Many of the creatures you'll see are very similar to dinosaurs.Monster Hunter
100%
Along with the various species of monster returning from the first game, this game contains many new monsters, such as the metallic wind dragon Kushala Daora.Monster Hunter 2
100%
The player controls a hunter that they can name, supported by an assistant handler, and a palico who are a part of the Fifth Fleet which has been summoned by the Research Commission to provide more support to the New World.Monster Hunter: World
100%
In Kamura Village, the player-character is informed they have been promoted to a Hunter by the Guild by the Wyverian twins Hinoa and Minoto.Monster Hunter Rise
100%
The player's character is a fledgling Hunter, on the way to the port town of Val Habar via sandship as to become part of the Hunters's Guild.Monster Hunter 4
75%
The game starts with the main character and their friends, Cheval and Lilia, looking for a monster egg. They find a nest with one, and it hatches into a Rathalos that bonds with the main character almost immediately.Monster Hunter Stories
75%
take on the role of a monster slayer from the Guild, assigned to help revitalize Moga Village, a small fishing community that is under threat of monsters from a nearby deserted island.Monster Hunter Tri
50%

Score Distribution

Percentile by Number Answered

Percent of People with Each Score

Your Score History

You have not taken this quiz